| 000 | 00808cam a2200265 i 4500 | ||
|---|---|---|---|
| 001 | 3163300 | ||
| 003 | PILC | ||
| 005 | 20150824124255.0 | ||
| 008 | 760331s1976 caua 000 0ceng | ||
| 010 | _a 75039136 | ||
| 020 |
_a0892450010 : _c$1.95 |
||
| 040 |
_aDLC _cDLC _dDLC |
||
| 043 | _an-us--- | ||
| 050 | 0 | 0 |
_aE 748.R673 _b.Al44 1976 |
| 082 | 0 | 0 | _a332/.092/2 |
| 100 | 1 | _aAllen, Gary. | |
| 245 | 1 | 4 |
_aThe Rockefeller file / _cGary Allen. |
| 260 |
_aSeal Beach, Calif. : _b'76 Press, _c1976. |
||
| 300 |
_a195 pages : _billustrations ; _c18 cm. |
||
| 600 | 1 | 0 |
_aRockefeller, Nelson A. _q(Nelson Aldrich), _d1908-1979. |
| 600 | 3 | 0 | _aRockefeller family. |
| 651 | 0 |
_aUnited States _xPolitics and government _y20th century. |
|
| 906 |
_a7 _bcbc _corignew _d2 _eocip _f19 _gy-gencatlg |
||
| 942 |
_2lcc _cBK |
||
| 999 |
_c288453 _d288453 |
||